The Japanese economy / (Record no. 15306)

000 -LEADER
fixed length control field 00443nam a2200169Ia 4500
020 ## - INTERNATIONAL STANDARD BOOK NUMBER
ISBN 0333675657
020 ## - INTERNATIONAL STANDARD BOOK NUMBER
ISBN 0333675665 (pbk.)
040 ## - CATALOGING SOURCE
Transcribing agency AZS
082 ## - DEWEY DECIMAL CLASSIFICATION NUMBER
Classification number 330 MAC 1997 A076 Or.
100 1# - MAIN ENTRY--AUTHOR NAME
Personal name Argy, Victor E
245 14 - TITLE STATEMENT
Title The Japanese economy /
260 ## - PUBLICATION, DISTRIBUTION, ETC. (IMPRINT)
Place of publication Houndmills, Basingstoke, Hampshire :
Name of publisher Macmillan,
Year of publication 1997
300 ## - PHYSICAL DESCRIPTION
Number of Pages xiv, 379 p. :
Other physical details ill. ;
Dimensions 23 cm
650 #0 - SUBJECT ADDED ENTRY--TOPICAL TERM
Topical Term Industrial policy
700 1# - ADDED ENTRY--PERSONAL NAME
Personal name Stein, Leslie
942 ## - ADDED ENTRY ELEMENTS (KOHA)
Koha item type សៀវភៅភាសាអង់គ្លេស
952 ## - LOCATION AND ITEM INFORMATION (KOHA)
Withdrawn status [LOCAL, KOHA] 0
Holdings
Permanent Location Date acquired Koha item type Lost status Shelving location Barcode Current Location Full call number
Library Block A2017-11-15សៀវភៅភាសាអង់គ្លេស A076A06989Library Block A330 MAC 1997 A076 Or.
មជ្ឈមណ្ឌលឯការនៃសាកលវិទ្យាល័យភូមិន្ទកសិកម្មចំការដូង

Powered by Koha